header

Simon the High Priest in Sirach 50 (Record no. 52986)

MARC details
000 -LEADER
fixed length control field 01840nam a22003614a 4500
082 04 - DEWEY DECIMAL CLASSIFICATION NUMBER
Classification number 229/.4092
100 1# - MAIN ENTRY--AUTHOR NAME
Personal name Mulder, Otto,
245 10 - TITLE STATEMENT
Title Simon the High Priest in Sirach 50
260 ## - PUBLICATION, DISTRIBUTION, ETC. (IMPRINT)
Place of publication Leiden ;
-- Boston :
Name of publisher Brill,
Year of publication 2003.
300 ## - PHYSICAL DESCRIPTION
Number of Pages xii, 413 p. :
Other physical details ill.
490 1# - SERIES STATEMENT
Series statement Supplements to the Journal for the study of Judaism ;
500 ## - GENERAL NOTE
General note Rev. translation of the author's thesis (doctoral--Rijks Universiteit Groningen, 2000) originally titled: Simon de hogepriester in Sirach 50.
856 40 - ELECTRONIC LOCATION AND ACCESS
Uniform Resource Identifier http://site.ebrary.com/lib/rucke/Doc?id=10090504

No items available.

© 2026 Rongo University
Contact us: librarian | system librarian | Rongo university